Física.

Gorde:
Xehetasun bibliografikoak
Egile nagusia: Alonso, Marcelo (autor)
Beste egile batzuk: Finn, Edward J (autor), Heras, Carlos Alberto (versión en español), Araujo, José A. Barreto (versión en español), Ballestero, Rómulo E. (colaboración)
Formatua: Liburua
Hizkuntza:ingelesa
Argitaratua: México, D.F: México: Fondo Educativo Interamericano, 1976.
Edizioa:Edición revisada y aumentada.
Gaiak:
Etiketak: Etiketa erantsi
Etiketarik gabe, Izan zaitez lehena erregistro honi etiketa jartzen!

MARC

LEADER 00000nam a22000007a 4500
003 CL-VaPUC
005 20240314124528.0
008 240312t1976 ||||| |||| 00| 0 eng d
999 |c 443184  |d 443182 
020 |a 968-6630-02-3 (v.2)  
040 |c Pontificia Universidad Católica de Valparaíso 
082 |a 530 ALO 1976  |2 22 
100 |9 298375  |a Alonso, Marcelo  |e autor 
245 |a Física. 
250 |a Edición revisada y aumentada.  
260 |a México, D.F: México:   |b Fondo Educativo Interamericano,   |c 1976. 
300 |a Volumen 2.  
505 |a v.2: Campos y ondas.  
583 |c 20240312  |k Yessy Sthefany Diaz Vidal 
650 0 |9 227844  |a Física   |x Electromagnética  
650 0 |9 387301  |a Mecánica ondulatoria (ondas mecánicas) 
700 |9 298376  |a Finn, Edward J  |e autor 
700 |9 887636  |a Heras, Carlos Alberto   |e versión en español 
700 |9 887637  |a Araujo, José A. Barreto   |e versión en español  
700 |9 887638  |a Ballestero, Rómulo E.   |e colaboración  
942 |2 ddc  |c BK 
952 |0 0  |1 0  |2 ddc  |4 0  |6 530_000000000000000_ALO_1976  |7 0  |8 A  |9 593634  |a BIBCUR  |b BIBCUR  |d 2024-03-13  |h v.2   |i 5660361  |o 530 ALO 1976  |p 5660361  |r 2025-04-22  |t 1  |w 2024-03-13  |y BK  |k BCB